1694 1310 1519 1796 1395 1489 1357 1710 1567 1345 1493 1649 1993 1421 1629 1709 1538 1002 1060 1279 1247 1663 1902 1144 1964 1322 1292 1205 1998 1013 1623 1950 1742 1218 1750 1259 1267 1602 1294 1636 1236 1713 1929 1814 1545 1552 1549 1329 1452 1094 1045 1198 1275 1481 1546 1826 1074 1310 1457 1930 1950 1170 1982 1790 1047 1636 1237 1405 1634 1081 1002 1962 1446 1081 1394 1907 1491 1843 1576 1908 1517 1716 1377 1267 1007 1190 1257 1087 1423 1607 1179 1161 1590 1143 1638 1788 1594 1910 1625 BCNSPRNW ULIB Ver.6.0+V

เปลี่ยนเป็นภาษาไทย

Change to English
 แสดงรายละเอียดบรรณานุกรม
  กลับหน้าหลัก

Brief Record : Get Marc (ISO 2709) : E-mail record : QR code < ปิดหน้าต่าง
LEADER : 00000nam 2200000uu 4500
001    13399112381
003     ULIB
008    110627s2552||||th 000 0 tha d
020    9789740461845
090    นว.^bM111ห 2552
100 0  May 112
245 00 หนุ่มกวนสาวแกร่งรักแรงคูณสอง/^cMay 112
250    พิมพ์ครั้งที่ 1
260    กรุงเทพฯ :^bแจ่มใส,^c2552
300    225 หน้า
710 1  แจ่มใส
945    ^p169^l0^i026756
995    ทศพร
999 ^a ใช้งานได้ทุกระบบ
รายการนี้ยังไม่มีแท็ก
คุณยังไม่ได้ล็อกอิน คุณสามารถมีกิจกรรมร่วมกับเว็บไซต์ได้ แต่ต้องล็อกอินก่อน ::
  ล็อกอิน

รายการสื่อสารสนเทศ

ลำดับที่ ประเภท เลขเรียก/บาร์โค้ด สถานที่ สถานะ
- ไม่พบข้อมูล -

BibComment


ยังไม่เคยถูกคอมเมนท์

คอมเมนท์ทรัพยากรรายการนี้
  คอมเมนท์: หนุ่มกวนสาวแกร่งร..


 Copyright 2026. Bcnsprnw @Library